[Event "BAN-chB 44th"]
[Site "Dhaka"]
[Date "2018.11.19"]
[Round "8"]
[White "Abedin, Jaynul"]
[Black "Abdul, Momin"]
[Result "0-1"]
[WhiteElo "1805"]
[BlackElo "2001"]
[PlyCount "64"]
[EventDate "2018.11.13"]
[EventType "swiss"]
[EventRounds "9"]
[EventCountry "BAN"]
[SourceTitle "CBM 187 Extra"]
[Source "ChessBase"]
[SourceDate "2018.11.04"]
[SourceVersion "1"]
[SourceVersionDate "2018.11.04"]
[SourceQuality "1"]

1. d4 d5 2. c4 e6 3. Nc3 Nf6 4. Nf3 Be7 5. e3 a6 6. Qc2 Nbd7 7. a3 dxc4 8. Bxc4 b5 9. Be2 Bb7 10. 0-0 c5 11. dxc5 Nxc5 12. Rd1 Qc7 13. Bd2 Rc8 14. Rac1 Nce4 15. Qb1 Nxd2 16. Rxd2 0-0 17. Rcd1 b4 18. axb4 Bxb4 19. Rc1 Qa5 20. Nd4 Be4 21. Qa1 Qxa1 22. Rxa1 Rxc3 23. bxc3 Bxc3 24. Rda2 Bxa1 25. Rxa1 Bb7 26. Rb1 Bc8 27. Ra1 Rd8 28. Nc6 Rd2 29. Kf1 Bb7 30. Nd4 Ne4 31. Rb1 Rxe2 32. Nxe2 Nd2+ 0-1

[Event "BAN-chB 44th"]
[Site "Dhaka"]
[Date "2018.11.13"]
[Round "1"]
[White "Jabed, Al Azad"]
[Black "Abedin, Jaynul"]
[Result "1-0"]
[WhiteElo "2008"]
[BlackElo "1805"]
[PlyCount "51"]
[EventDate "2018.11.13"]
[EventType "swiss"]
[EventRounds "9"]
[EventCountry "BAN"]
[SourceTitle "CBM 187 Extra"]
[Source "ChessBase"]
[SourceDate "2018.11.04"]
[SourceVersion "1"]
[SourceVersionDate "2018.11.04"]
[SourceQuality "1"]

1. e4 c5 2. Nf3 Nc6 3. d4 cxd4 4. Nxd4 Nf6 5. Nc3 d6 6. Be2 Qb6 7. Nb3 g6 8. Be3 Qd8 9. f4 Bg7 10. 0-0 0-0 11. Bf3 a6 12. Qd2 Ng4 13. Bxg4 Bxg4 14. h3 Bd7 15. Rad1 Be6 16. f5 Bc4 17. Rf2 Rc8 18. Nd4 a5 19. b3 Ba6 20. Nd5 Ne5 21. Bh6 Nd7 22. Bxg7 Kxg7 23. fxg6 hxg6 24. Nf5+ gxf5 25. Qg5+ Kh7 26. Rf4 1-0

[Event "BAN-chB 42nd"]
[Site "Dhaka"]
[Date "2016.10.24"]
[Round "5"]
[White "Masum, Hossain"]
[Black "Abedin, Jaynul"]
[Result "1-0"]
[WhiteElo "2104"]
[BlackElo "1876"]
[PlyCount "91"]
[EventDate "2016.10.20"]
[EventType "swiss"]
[EventRounds "11"]
[EventCountry "BAN"]
[SourceTitle "CBM 175 Extra"]
[Source "ChessBase"]
[SourceDate "2016.12.12"]
[SourceVersion "1"]
[SourceVersionDate "2016.12.12"]
[SourceQuality "1"]

1. e4 c5 2. Nf3 Nc6 3. Nc3 e5 4. Bc4 d6 5. h3 h6 6. 0-0 Nf6 7. d3 Be7 8. a4 0-0 9. Nh2 Be6 10. Bxe6 fxe6 11. Ne2 Nh5 12. c3 Bg5 13. Qb3 Qe7 14. Bxg5 hxg5 15. Ng4 Nf4 16. Qc2 Rf7 17. Rfb1 a5 18. Ng3 Raf8 19. Nf1 Nh5 20. Nfe3 Rf4 21. Ra3 Qf7 22. Rb3 Kh7 23. Nc4 Qe7 24. Rb5 Qc7 25. Qb3 R4f7 26. Re1 Nf6 27. Nxf6+ gxf6 28. Qd1 Kg6 29. Qg4 f5 30. exf5+ exf5 31. Qf3 Rh8 32. Qd5 Rf6 33. Ne3 Qh7 34. Qb3 Nd8 35. d4 g4 36. dxe5 dxe5 37. Nd5 Rd6 38. Rxe5 gxh3 39. Qc2 h2+ 40. Kh1 Qd7 41. Rxc5 Nc6 42. Rxf5 Kg7 43. Rg5+ Kf7 44. Qe4 b6 45. Qf4+ Ke8 46. Rb5 1-0

[Event "BAN-chB 41st"]
[Site "Dhaka"]
[Date "2015.10.17"]
[Round "3"]
[White "Mahbub, Uddin Ahmed"]
[Black "Abedin, Jaynul"]
[Result "0-1"]
[WhiteElo "1726"]
[BlackElo "1879"]
[PlyCount "67"]
[EventDate "2015.10.15"]
[EventType "swiss"]
[EventRounds "11"]
[EventCountry "BAN"]
[SourceTitle "CBM 169 Extra"]
[Source "ChessBase"]
[SourceDate "2015.12.18"]
[SourceVersion "1"]
[SourceVersionDate "2015.12.18"]
[SourceQuality "1"]

1. e4 c5 2. Nf3 d6 3. Bc4 e5 4. d3 h6 5. Nc3 Nf6 6. h3 Nc6 7. a3 a6 8. Be3 Be7 9. Qd2 Nd4 10. Bxd4 cxd4 11. Nd5 Nxd5 12. Bxd5 0-0 13. 0-0 Qb6 14. b3 Bd7 15. a4 Rac8 16. Bc4 Kh8 17. Nh2 f5 18. f3 Bg5 19. Qe2 Be3+ 20. Kh1 Qd8 21. g3 fxe4 22. g4 exf3 23. Nxf3 Bc6 24. Be6 Rc7 25. c4 e4 26. dxe4 Bxe4 27. Bd5 Bxd5 28. cxd5 Rc5 29. b4 Rc3 30. h4 Qc8 31. Ne1 Rxf1+ 32. Qxf1 Qxg4 33. Qf8+ Kh7 34. Ng2 0-1